Schach: lass dich nicht schlagen #4 - Sudden Death - Statistiken

Allgemein
  • Dieses Quiz wurde 163 mal gespielt
  • Das Durchschnittsergebnis liegt bei 4 aus 7
Answers on the Grid
Answers color-coded by a green-red scale on the quiz's grid according to % correct below.
a8
b8
c8
d8
e8
f8
g8
h8
a7
c7
d7
e7
f7
h7
a6
b6
c6
d6
e6
f6
g6
h6
a5
b5
c5
f5
g5
h5
a4
b4
c4
f4
g4
h4
a3
b3
c3
d3
e3
f3
g3
h3
a2
c2
d2
e2
f2
h2
a1
b1
c1
d1
e1
f1
g1
h1
 
Antwortstatistiken
Antwort % Korrekt
a8
90%
h8
75%
c8
61%
a6
59%
h6
55%
f8
54%
h3
44%
Keine übereinstimmenden Quizze gefunden
Verteilung der Resultate
Anzahl Personen mit jedem Resultat
Perzentil nach korrekt beantworteten Fragen
Ihre Resultats-Entwicklung
Sie haben dieses Quiz noch nicht gespielt